| 000 | 00608nam a2200205 a 4500 | ||
|---|---|---|---|
| 001 | 2523 | ||
| 005 | 20140414131909.0 | ||
| 008 | 050602s19uu xx 00 eng d | ||
| 020 | _a983-878-934-8 | ||
| 050 |
_aER _bAl1 1996 |
||
| 100 | _aBraybrooks, Ann | ||
| 245 |
_aAladdin : _cadapted by Ann Braybrooks ; illustrated by Phil Ortiz and Darrell Baker. _bthe cave wonders / |
||
| 260 |
_aMalaysia : _bPenerbitan Pelangi, _c1996. |
||
| 300 | _a32 p. : ill. ; cm. | ||
| 440 | _aDisney's Pelangi Young Reader | ||
| 650 | _aFolktales. | ||
| 650 | _aChildren stories. | ||
| 999 |
_c111083 _d111083 |
||